| 000 | 00695nam a2200205Ii 4500 | ||
|---|---|---|---|
| 003 | JO-AjNU | ||
| 008 | 230605s9999||||xx |||||||||||||| ||und|| | ||
| 020 | _a9957-00-229-5 | ||
| 040 |
_aJO-AjNU _bara _erda _cJO-AjNU |
||
| 041 | _aara | ||
| 050 | 1 | 4 | _aPJ7828.B9.W36 2012 |
| 100 | 3 |
_aحبيبي، اميل , _eauthor _961972 |
|
| 245 | 0 | 0 | _aالوقائع الغريبة في اختفاء سعيد ابي النحس المتشائل: رواية |
| 264 | 3 | 1 | _aعمان: دار الشروق اانشر والتوزيع، 2012 |
| 300 | _a266ص | ||
| 336 |
_atext _btxt _2rdacontent |
||
| 337 |
_aunmediated _bn _2rdamedia |
||
| 338 |
_avolume _bnc _2rdacarrier |
||
| 650 | 4 |
_aروايات _961973 |
|
| 999 |
_aA28039 _c31607 _d31607 |
||